000 00440nam a2200181Ia 4500
008 240925s9999 xx 000 0 und d
020 _aNA
082 _a512 YUS
100 _aYusuf, S.M.
245 0 _aMathematical Methods
250 _a2nd
260 _aLahore:
_bIslamiat
_c,1996.
300 _axxvi,588p.
_bN.A
_fPhotocopy
500 _aIncludes Index
600 _aEngineering Technology
650 _aNatural Science
942 _cBK
999 _c8027
_d8027